Top 100 21th Century Football Players - Statistics

General Stats
  • This quiz has been taken 195 times
  • The average score is 84 of 100
Answer Stats
Pos. Player Hint Club % Correct
2 Cristiano Ronaldo 🇵🇹 | LW Real Madrid
99%
1 Lionel Messi 🇦🇷 | RW Barcelona
99%
3 Andrés Iniesta 🇪🇸 | CM Barcelona
98%
10 Luis Suárez 🇺🇾 | ST Barcelona
97%
25 Neymar Jr. 🇧🇷 | LW Barcelona | PSG | Santos
97%
8 Manuel Neuer 🇩🇪 | GK Bayern Munich
96%
7 Thierry Henry 🇫🇷 | ST Arsenal
96%
6 Zinedine Zidane 🇫🇷 | CAM Real Madrid
96%
77 Harry Kane 🏴󠁧󠁢󠁥󠁮󠁧󠁿 | ST Spurs | Bayern Munich
95%
11 Karim Benzema 🇫🇷 | ST Real Madrid
95%
14 Luka Modric 🇭🇷 | CM Real Madrid
95%
4 Xavi 🇪🇸 | CM Barcelona
95%
13 Zlatan Ibrahimović 🇸🇪 | ST PSG | Barcelona | Internazionale
95%
5 Ronaldinho 🇧🇷 | LW Barcelona
94%
19 Sergio Ramos 🇪🇸 | CB Real Madrid
94%
29 Gareth Bale 🏴󠁧󠁢󠁷󠁬󠁳󠁿 | RW Real Madrid | Spurs
93%
35 Gianluigi Buffon 🇮🇹 | GK Juventus | Parma
93%
9 Kaká 🇧🇷 | CAM AC Milan
93%
18 Philipp Lahm 🇩🇪 | RB Bayern Munich
93%
28 Robert Lewandowski 🇵🇱 | ST Bayern Munich
93%
22 Arjen Robben 🇳🇱 | RW Bayern Munich
92%
12 Dani Alves 🇧🇷 | RB Barcelona
92%
51 Antoine Griezmann 🇫🇷 | RW Atletico Madrid
91%
47 Kevin De Bruyne 🇧🇪 | CM Manchester City
91%
68 Mohamed Salah 🇪🇬 | RW Liverpool
91%
54 Virgil Van Dijk 🇳🇱 | CB Liverpool
91%
46 Carlos Puyol 🇪🇸 | CB Barcelona
90%
39 Franck Ribery 🇫🇷 | LW Bayern Munich
90%
27 Iker Casillas 🇪🇸 | GK Real Madrid
90%
64 Marcelo 🇧🇷 | LB Real Madrid
90%
61 Paolo Maldini 🇮🇹 | CB AC Milan
90%
50 Petr Čech 🇨🇿 | GK Chelsea
90%
26 Sergio Agüero 🇦🇷 | ST Manchester City
90%
30 Sergio Busquets 🇪🇸 | CDM Barcelona
90%
21 Steven Gerrard 🏴󠁧󠁢󠁥󠁮󠁧󠁿 | CM Liverpool
90%
20 Thomas Müller 🇩🇪 | CF Bayern Munich
90%
43 Toni Kroos 🇩🇪 | CM Real Madrid
90%
16 Wayne Rooney 🏴󠁧󠁢󠁥󠁮󠁧󠁿 | ST Manchester United
90%
40 Didier Drogba 🇨🇮 | ST Chelsea
89%
36 Frank Lampard 🏴󠁧󠁢󠁥󠁮󠁧󠁿 | CM Chelsea
89%
24 Gerard Piqué 🇪🇸 | CB Barcelona
89%
75 Kylian Mbappé 🇫🇷 | LW PSG | Real Madrid
89%
15 Samuel Eto'o 🇨🇲 | ST Barcelona | Internazionale
89%
23 Ashley Cole 🏴󠁧󠁢󠁥󠁮󠁧󠁿 | LB Arsenal | Chelsea
88%
58 Eden Hazard 🇧🇪 | RW Chelsea
88%
38 Francesco Totti 🇮🇹 | ST AS Roma
88%
76 N'Golo Kanté 🇫🇷 | CDM Chelsea | Leicester City
88%
32 Rio Ferdinand 🏴󠁧󠁢󠁥󠁮󠁧󠁿 | CB Manchester United
88%
57 Roberto Carlos 🇧🇷 | LB Real Madrid
88%
65 Cafu 🇧🇷 | RB AC Milan
87%
73 David Silva 🇪🇸 | CM Manchester City
87%
74 Jan Oblak 🇸🇮 | GK Atletico Madrid
87%
88 Thibault Courtois 🇧🇪 | GK Real Madrid
87%
55 Ágenl Di María 🇦🇷 | RW Real Madrid | PSG
86%
33 Andrea Pirlo 🇮🇹 | CDM Juventus
86%
79 Edinson Cavani 🇺🇾 | ST PSG
86%
42 Luís Figo 🇵🇹 | RW Real Madrid | Barcelona
86%
87 Thiago Silva 🇧🇷 | CB PSG | Chelsea
86%
41 Vincent Kompany 🇧🇪 | CB Manchester City
86%
45 Yaya Touré 🇨🇮 | CDM Manchester City | Barcelona
86%
31 Andriy Shevchenko 🇺🇦 | ST AC Milan
85%
96 David De Gea 🇪🇸 | GK Manchester United
85%
48 Xabi Alonso 🇪🇸 | CM Real Madrid | Liverpool | Bayern Munich
85%
92 Edwin Van Der Sar 🇳🇱 | GK Manchester United
83%
44 John Terry 🏴󠁧󠁢󠁥󠁮󠁧󠁿 | CB Chelsea
83%
93 Mesut Özil 🇩🇪 | CAM Arsenal | Real Madrid
83%
60 Nemanja Vidić 🇷🇸 | CB Manchester United
83%
49 Pavel Nedvěd 🇨🇿 | CM Juventus
83%
67 Raúl 🇪🇸 | ST Real Madrid
83%
63 David Beckham 🏴󠁧󠁢󠁥󠁮󠁧󠁿 | RW Manchester United | Real Madrid
82%
69 Fabio Cannavaro 🇮🇹 | CB Juventus | Real Madrid | Parma
82%
85 Fernando Torres 🇪🇸 | ST Liverpool
82%
37 Patrick Vieira 🇫🇷 | CM Arsenal
82%
62 Ruud Van Nistelrooy 🇳🇱 | ST Manchester United | Real Madrid
81%
81 Ryan Giggs 🏴󠁧󠁢󠁷󠁬󠁳󠁿 | LM Manchester United
81%
59 David Villa 🇪🇸 | ST Barcelona | Valencia
80%
56 Paul Scholes 🏴󠁧󠁢󠁥󠁮󠁧󠁿 | CM Manchester United
80%
100 Trent Alexander-Arnold 🏴󠁧󠁢󠁥󠁮󠁧󠁿 | RB Liverpool
80%
80 Alexis Sánchez 🇨🇱 | ST Arsenal
79%
83 Raphaël Varane 🇫🇷 | CB Real Madrid
79%
34 Claude Makélélé 🇫🇷 | CDM Real Madrid | Chelsea
78%
78 Ivan Rakitić 🇭🇷 | CM Barcelona
78%
94 Javier Zanetti 🇦🇷 | RB Internazionale
77%
52 Radamel Falcao 🇨🇴 | ST Atletico Madrid | AS Monaco
77%
82 Raheem Sterling 🏴󠁧󠁢󠁥󠁮󠁧󠁿 | RW Manchester City | Liverpool
77%
66 Bastian Schweinsteiger 🇩🇪 | CM Bayern Munich
76%
90 Arturo Vidal 🇨🇱 | CM Juventus | Bayern Munich
74%
72 Alessandro Nesta 🇮🇹 | CB AC Milan
71%
91 Carlos Tévez 🇦🇷 | ST Manchester City
71%
17 Ronaldo Nazário 🇧🇷 | ST Real Madrid | Internazionale
71%
98 Rivaldo 🇧🇷 | LW Barcelona
70%
95 Deco 🇵🇹 | CAM FC Porto | Barcelona
68%
99 Miroslav Klose 🇩🇪 | ST Bayern Munich
67%
71 Wesley Sneijder 🇳🇱 | CM Internazionale
67%
53 Michael Ballack 🇩🇪 | CM Bayer Leverkusen
62%
84 Henrik Larsson 🇸🇪 | CF Celtic
58%
97 Luca Toni 🇮🇹 | CF Bayern Munich
55%
86 Juan Román Riquelme 🇦🇷 | CM Boca Junior
54%
89 Hernán Crespo 🇦🇷 | ST Parma
53%
70 Cesc Fàbreguas 🇪🇸 | CM Arsenal
5%
No matching quizzes found
Score Distribution
Percent of People with Each Score
Percentile by Number Answered
Your Score History
You have not taken this quiz